| 000 | 00424nam a2200145Ia 4500 | ||
|---|---|---|---|
| 008 | 151213s9999 xx 000 0 und d | ||
| 100 | _aWaller, A.L. & Graebner, W | ||
| 245 |
_aTrue stories from the American past V.-1, _cWaller, A.L. & Graebner, W |
||
| 260 |
_aNew York _bMcGraw hill _c1997 |
||
| 300 | _a1721 p. | ||
| 650 | _aHistory U S A | ||
| 650 | _aReference | ||
| 700 | _aWaller, A.L. & Graebner, W | ||
| 999 |
_c1268 _d1268 |
||